Management accounting / (Record no. 1480)
[ view plain ]
| 000 -LEADER | |
|---|---|
| fixed length control field | 00547nam a2200169Ia 4500 |
| 020 ## - INTERNATIONAL STANDARD BOOK NUMBER | |
| ISBN | 1858051800 |
| 050 ## - CALL NUMBER | |
| Classification number | HF 5635 |
| Item number | LUC |
| 100 1# - AUTHOR | |
| Personal name | Lucey, T. |
| 245 10 - TITLE | |
| Title | Management accounting / |
| Statement of responsibility, etc | Lucey T. |
| 250 ## - EDITION | |
| Edition statement | 4th ed. |
| 260 ## - PUBLICATION INFORMATION | |
| Place of publication | London : |
| Name of publisher | DP, |
| Year of publication | 1996. |
| 300 ## - DESCRIPTION | |
| Number of Pages | 593 p. |
| 505 ## - FORMATTED CONTENTS NOTE | |
| Table of Content | Assessment and revision section 1<br/>Assessment and revision section 2<br/>Assessment and revision section 3<br/>Assessment and revision section 4<br/>Assessment and revision section 5<br/> |
| 650 #0 - SUBJECTS | |
| Topical Term | Managerial accounting. |
| 650 #0 - SUBJECTS | |
| Topical Term | Accounting. |
| 942 ## - ADDED ENTRY ELEMENTS (KOHA) | |
| Koha item type | Books |
| Withdrawn status | Lost status | Collection code | Home library | Current library | Shelving location | Date acquired | Full call number | Accession Number | Koha item type |
|---|---|---|---|---|---|---|---|---|---|
| Reference | Methodist University Library Main | Methodist University Library Main | General Stacks | 01/12/1999 | HF 5635 LUC | 24919 | Books | ||
| Reference | Methodist University Library Main | Methodist University Library Main | General Stacks | 01/12/1999 | HF 5635 LUC | Books | |||
| Reference | Methodist University Library Main | Methodist University Library Main | General Stacks | 01/12/1999 | HF 5635 LUC | 14882 | Books | ||
| Methodist University Library Main | Methodist University Library Main | 18/12/2017 | HF 5635 LUC | Books |